| 000 | 01065nam a2200277 i 4500 | ||
|---|---|---|---|
| 003 | EG-GICUC | ||
| 005 | 20260501145610.0 | ||
| 008 | 260501s2003 ua ||||fr|||| 00| 0 ara d | ||
| 040 |
_a EG-GICUC _c EG-GICUC _d EG-GICUC _erda |
||
| 082 | 0 | 4 |
_221 _a345.8223 _bا ب . ق |
| 092 | 0 | 4 | _221 |
| 099 | _aLaw1 07 345.8223 ا ب . ق 2003 | ||
| 100 | 1 |
_aابراهيم عبد العزيز شيحا _eمؤلف. |
|
| 245 | 1 | 2 |
_aالقضاء الاداري : _bولايه القضاء الاداري دعوي الالغاء / _cابراهيم عبد العزيز شيحا |
| 264 |
_aالاسكنداريه : _bمنشاه المعارف, _c2003. |
||
| 300 |
_a300صفحة _bإيضاحيات، صور، مثيليات ؛ _c24 سم |
||
| 336 |
_2rda content _atext |
||
| 337 |
_2rda media _aComputer |
||
| 338 |
_2rda carrier _aOnline Resource |
||
| 546 | _aالنص باللغة العربية | ||
| 650 | 1 | 4 |
_aدعوي الالغاء _2qrmak |
| 651 | 1 | _2qrmak | |
| 856 | 4 | 0 | _uhttps://fll.law.cu.edu.eg/B 0 7- 03914/bks/test.pdf |
| 905 | _a163 | ||
| 942 |
_2ddc _cBK _e21 _n0 |
||
| 999 |
_c74648 _d74648 |
||